Reason and responsibility : readings in some basic problems of philosophy.
Bewaard in:
| Andere auteurs: | |
|---|---|
| Formaat: | Boek |
| Taal: | Engels |
| Gepubliceerd in: |
California :
Wadsworth,
c1985.
|
| Editie: | 6th ed. |
| Onderwerpen: | |
| Tags: |
Geen labels, Wees de eerste die dit record labelt!
|
MARC
| LEADER | 00000cam a22000002 4500 | ||
|---|---|---|---|
| 001 | 0000018750 | ||
| 003 | Daystar | ||
| 005 | 20171002015128.0 | ||
| 008 | 060502s xx 000 0 eng d | ||
| 020 | |a 0534038735 | ||
| 040 | |a Daystar |d Mnakali | ||
| 050 | 0 | 0 | |a B29 |b .R367 |
| 245 | 1 | 0 | |a Reason and responsibility : |b readings in some basic problems of philosophy. |
| 250 | |a 6th ed. | ||
| 260 | |a California : |b Wadsworth, |c c1985. | ||
| 300 | |a xix, 602 p. | ||
| 504 | |a Includes bibliography. | ||
| 650 | 0 | |a Philosophy |x addresses, essays, lectures. | |
| 700 | 1 | 0 | |a Feinberg, Joel. |
| 787 | 1 | 8 | |m GC. |
| 908 | |a 060502 | ||
| 942 | |c G | ||
| 952 | |0 0 |1 0 |4 0 |6 B_29_000000000000000_R367 |7 0 |9 11363 |a DUA |b DUA |c GC |d 2017-09-28 |l 0 |o B29.R367 |p BK000019 |r 2017-09-28 00:00:00 |w 2017-09-28 |y G | ||
| 995 | |a Daystar | ||
| 999 | |c 7488 |d 7488 | ||